000 00508nam a22001697a 4500
005 20231114121133.0
008 231114b |||||||| |||| 00| 0 eng d
020 _a0702115630
041 _aEnglish
082 _a344.6 LOO
100 _aLoots, PC
_lEnglish
245 _aEngineering and Construction Law /
_cPC Loots
260 _aCape Town :
_bJuta and Company Ltd,
_c1985
300 _bxxxv, 431 pages ;
_c26,2 cm.
650 _aLegal practice
_bLaw
942 _cBK
_6ALISON_BN_VRIES
999 _c626
_d626